000 00361nab a2200133Ia 4500
003 ES-SlBCS
005 20210601131730.0
008 140529s1950 xxu||||| |||| 00| 0 fre d
041 _afre
100 1 _aLaurent, F.
_9188398
245 0 0 _aLe rail et la route
_c F. Laurent
773 0 _tVie Intelectuelle (La)
_gnº. 4, 1950, págs. 475-476
_wRev907
942 _cAR
999 _c567830
_d567830